| 000 | 00594nam a2200181Ia 4500 | ||
|---|---|---|---|
| 008 | 140529s9999 xx 000 0 und d | ||
| 020 | _a9780323073516 | ||
| 050 |
_aR 898 _b.In57 2011 |
||
| 245 |
_aIntroduction to radiologic technology / _c[edited by] LaVerne Tolley Gurley, William J. Callaway |
||
| 250 | _a7th ed. | ||
| 260 |
_aMaryland Heights, MO : _bElsevier/Mosby, _cc2011. |
||
| 300 |
_a291 p. : _bill. (some col.) ; _c24 cm. |
||
| 500 | _aIncludes appendices, glossary and index. | ||
| 521 | _aGE | ||
| 650 | _aRadiologic technologists. | ||
| 942 |
_kFOR _cBK |
||
| 999 |
_c117589 _d117589 |
||